000 01834cam a2200481 i 4500
001 data
005 20260322212106.0
006 data
007 data
008 data
035 _a22193397
906 _a0
_bibc
_corignew
_du
_encip
_f20
_gy-gencatlg
010 _a 2019669907
035 _a(OCoLC)1309082713
040 _aDLC
_beng
_epn
_epn
_cGPO
_dDLC
_dOCLCF
_dDLC
042 _apcc
074 _a0818-J-06 (online)
086 0 _aLC 42.20:C 86/14
088 _aLRA-D-PUB-000728
245 0 0 _aCriminal offenses by nationals committed abroad.
264 1 _a[Washington, D.C.] :
_bThe Law Library of Congress, Global Legal Research Directorate,
_c1998.
300 _a1 online resource (approximately 8 pages)
336 _atext
_btxt
_2rdacontent
337 _acomputer
_bc
_2rdamedia
338 _aonline resource
_bcr
_2rdacarrier
500 _a"July 1998."
500 _a"LL file no. 1998-2632"
500 _a"LRA-D-PUB-000728."
504 _aIncludes bibliographical references.
505 0 0 _tUnited Kingdom /
_rKersi B. Shroff.
_tFrance /
_rNicole Atwill --
_tSpain /
_rGraciela I. Rodriguez-Ferrand --
_tUnited Kingdom /
_rKersi B. Shroff.
588 _aDescription based on online resource; title from PDF cover (Law Library of Congress, viewed Apr. 5, 2022).
650 0 _aCriminal law.
650 0 _aNoncitizen criminals.
650 7 _aCriminal law.
_2fast
_0(OCoLC)fst00883328
650 7 _aNoncitizen criminals.
_2fast
_0(OCoLC)fst00805053
710 2 _aLaw Library of Congress (U.S.).
_bGlobal Legal Research Directorate,
_eissuing body.
856 4 0 _dllglrd
_f2019669907
_uhttps://hdl.loc.gov/loc.law/llglrd.2019669907
856 4 0 _uhttps://purl.fdlp.gov/GPO/gpo175665
_70
985 _allpub
985 _all/glrd/dpub
_ebatch7
991 _bs-Online
_hElectronic Resource
999 _c1558
_d1558